000 00884nam a22002777a 4500
001 BR9508065
003 BR-BrBNA
005 20230928095118.0
007 ta
008 230509b bl.||||| |||| 00| 0 por d
040 _aBR-BrBNA
_bpor
_cBiblioteca Nacional de Agricultura
041 _a(Por)
072 _aF01
_b2290
090 _ 2290 BR9508065
100 1 _aCzepak, M.P.
110 1 _aEscola Superior de Agricultura Luiz de Queiroz, Piracicaba, SP (Brasil)
_0Tese (Mestre em Agronomia)
245 1 _aProducao de oleo bruto e mentol cristalizavel em oito frequencias de colheita da menta (Mentha arvensis L.)
260 3 _aPiracicaba, SP (Brasil):
_c1995.
300 _a81 p.
500 _aSummaries (Eng, Por); 37 illus.; 6 tables; 32 ref.
650 _aMenta
650 _aColheita
650 _aOleo Vegetal
909 _a202309
_bLucia
_c55
_dLucia Elande
942 _cBK
999 _c54597
_d54597